[Event "Innsbruck op-B 3rd"]
[Site "Innsbruck"]
[Date "2019.08.30"]
[Round "8"]
[White "Schulz, Stefan1111"]
[Black "Werner, Holger"]
[Result "0-1"]
[WhiteElo "1912"]
[BlackElo "1916"]
[PlyCount "36"]
[EventDate "2019.08.25"]
[EventType "swiss"]
[EventRounds "9"]
[EventCountry "AUT"]
[SourceTitle "EXT 2020"]
[Source "ChessBase"]
[SourceDate "2019.10.17"]
[SourceVersion "1"]
[SourceVersionDate "2019.10.17"]
[SourceQuality "1"]

1. e4 c5 2. Nf3 g6 3. d4 cxd4 4. Nxd4 Nc6 5. Nc3 Bg7 6. Be3 Nf6 7. Bc4 0-0 8. Bb3 a5 9. f3 d5 10. Bxd5 Nxd5 11. Nxd5 f5 12. Nxc6 bxc6 13. Nc3 Rb8 14. Qe2 Be6 15. exf5 Rxf5 16. g4 Re5 17. 0-0 Rxe3 18. Qa6 Qb6 0-1

[Event "Oberpfalz-ch M1"]
[Site "Burglengenfeld"]
[Date "2012.04.01"]
[Round "3"]
[White "Stoeckl, Stephan"]
[Black "Werner, Holger"]
[Result "1/2-1/2"]
[WhiteElo "2149"]
[BlackElo "1946"]
[PlyCount "36"]
[EventDate "2012.03.31"]
[EventType "swiss"]
[EventRounds "8"]
[EventCountry "GER"]
[SourceTitle "EXT 2022"]
[Source "ChessBase"]
[SourceDate "2021.10.06"]
[SourceVersion "1"]
[SourceVersionDate "2021.10.06"]
[SourceQuality "1"]

1. Nf3 g6 2. c4 Bg7 3. g3 c5 4. Bg2 Nc6 5. Nc3 Nf6 6. 0-0 0-0 7. Rb1 d5 8. cxd5 Nxd5 9. Re1 Nc7 10. d3 e5 11. b3 b6 12. Bb2 Bb7 13. Rc1 Qd7 14. Qc2 Ne6 15. Qb1 Ncd4 16. Nxd4 Nxd4 17. Ne4 f5 18. Bxd4 exd4 1/2-1/2

[Event "Rhein Main op-A 14th"]
[Site "Bad Homburg"]
[Date "2011.06.25"]
[Round "6"]
[White "Boeddeker, Henry"]
[Black "Werner, Holger"]
[Result "0-1"]
[WhiteElo "1662"]
[BlackElo "1961"]
[PlyCount "82"]
[EventDate "2011.06.22"]
[EventType "swiss"]
[EventRounds "7"]
[EventCountry "GER"]
[SourceTitle "EXT 2012"]
[Source "ChessBase"]
[SourceDate "2011.11.24"]
[SourceVersion "1"]
[SourceVersionDate "2011.11.24"]
[SourceQuality "1"]

1. e4 c5 2. Nf3 Nc6 3. d4 cxd4 4. Nxd4 g6 5. Nc3 Bg7 6. Be3 Nf6 7. Bc4 0-0 8. Bb3 Qc7 9. 0-0 a6 10. Re1 b5 11. Nd5 Qb7 12. Nxf6+ Bxf6 13. c3 Ne5 14. f4 Nc4 15. Bxc4 bxc4 16. Qc2 d6 17. Bf2 e5 18. fxe5 dxe5 19. Nf3 Rb8 20. Rab1 Be6 21. Bg3 Qb5 22. Red1 Rfd8 23. Rxd8+ Rxd8 24. b3 Rd3 25. b4 Qb6+ 26. Bf2 Qd8 27. Kf1 Bg4 28. Ne1 Rd2 29. Qa4 Bh4 30. Bg3 Bxg3 31. hxg3 Qf6+ 32. Kg1 h5 33. Qa5 Bh3 34. Qc5 Bxg2 35. Nxg2 Qf3 36. Ne1 Qxg3+ 37. Kf1 Qf4+ 38. Kg1 Qh2+ 39. Kf1 Qh1+ 40. Qg1 Qh3+ 41. Qg2 Rxg2 0-1

[Event "Rhein Main op-A 14th"]
[Site "Bad Homburg"]
[Date "2011.06.24"]
[Round "4"]
[White "Werner, Holger"]
[Black "Leiber, Bernhard"]
[Result "0-1"]
[WhiteElo "1961"]
[BlackElo "2158"]
[PlyCount "120"]
[EventDate "2011.06.22"]
[EventType "swiss"]
[EventRounds "7"]
[EventCountry "GER"]
[SourceTitle "EXT 2012"]
[Source "ChessBase"]
[SourceDate "2011.11.24"]
[SourceVersion "1"]
[SourceVersionDate "2011.11.24"]
[SourceQuality "1"]

1. e4 c6 2. d4 d5 3. Nc3 dxe4 4. Nxe4 Bf5 5. Ng3 Bg6 6. h4 h6 7. Nf3 Nd7 8. h5 Bh7 9. Bd3 Bxd3 10. Qxd3 Ngf6 11. Bd2 e6 12. 0-0-0 Qc7 13. c4 0-0-0 14. Kb1 Bd6 15. Ne4 Nxe4 16. Qxe4 Nf6 17. Qe2 c5 18. Bc3 Rhe8 19. Ne5 cxd4 20. Bxd4 Rf8 21. b3 Bc5 22. Bb2 Rxd1+ 23. Rxd1 Rd8 24. Nd3 Bd4 25. g4 Bxb2 26. Nxb2 Rxd1+ 27. Nxd1 Qh2 28. Nc3 Qg1+ 29. Kc2 Qxg4 30. Qe3 Qf5+ 31. Kb2 a6 32. Qd4 Nd7 33. Ne4 Qe5 34. Qxe5 Nxe5 35. Nd6+ Kc7 36. c5 Nd3+ 37. Kc2 Nxf2 38. Nxf7 Ne4 39. Kd3 Nf6 40. Kd4 Nxh5 41. Ke5 Nf6 42. Kxe6 Ne4 43. Kf5 Nxc5 44. Kg6 Ne6 45. Kf5 Nf8 46. Ke5 Kd7 47. Nd6 Ng6+ 48. Kd5 Ne7+ 49. Ke5 b6 50. a4 Nc6+ 51. Kd5 h5 52. Ne4 h4 53. Ng5 Nb4+ 54. Kc4 Nc2 55. Kd3 Nb4+ 56. Kc4 Nc6 57. Kd5 Nd8 58. Ke5 Ke7 59. Kd5 Nf7 60. Nh3 g5 0-1

[Event "Rhein Main op-A 14th"]
[Site "Bad Homburg"]
[Date "2011.06.22"]
[Round "1"]
[White "Werner, Holger"]
[Black "Dunsbach, Ralf"]
[Result "0-1"]
[WhiteElo "1961"]
[BlackElo "2196"]
[PlyCount "38"]
[EventDate "2011.06.22"]
[EventType "swiss"]
[EventRounds "7"]
[EventCountry "GER"]
[SourceTitle "EXT 2012"]
[Source "ChessBase"]
[SourceDate "2011.11.24"]
[SourceVersion "1"]
[SourceVersionDate "2011.11.24"]
[SourceQuality "1"]

1. e4 e5 2. Nf3 Nc6 3. Bb5 Nd4 4. Nxd4 exd4 5. 0-0 Bc5 6. d3 c6 7. Bc4 d5 8. Bb3 Ne7 9. Nd2 0-0 10. f4 a5 11. a3 a4 12. Ba2 dxe4 13. dxe4 Be6 14. Bxe6 fxe6 15. Qh5 Bb6 16. Nc4 d3+ 17. Kh1 dxc2 18. Qe5 Rf6 19. f5 Bd4 0-1

[Event "Oberpfalz-ch M2"]
[Site "Roding"]
[Date "2010.03.28"]
[Round "3"]
[White "Werner, Holger"]
[Black "Moore, Bernd"]
[Result "1-0"]
[WhiteElo "1871"]
[BlackElo "1651"]
[PlyCount "107"]
[EventDate "2010.03.27"]
[EventType "swiss"]
[EventRounds "8"]
[EventCountry "GER"]
[SourceTitle "EXT 2012"]
[Source "ChessBase"]
[SourceDate "2011.11.24"]
[SourceVersion "1"]
[SourceVersionDate "2011.11.24"]
[SourceQuality "1"]

1. d4 Nf6 2. Nf3 d5 3. e3 e6 4. Bd3 c5 5. b3 Nc6 6. 0-0 cxd4 7. exd4 Bd6 8. Bb2 Qc7 9. c4 dxc4 10. bxc4 b6 11. Nc3 a6 12. Rc1 Bb7 13. Nb5 axb5 14. cxb5 Rxa2 15. Qb3 Ra5 16. bxc6 Bc8 17. Ne5 0-0 18. f4 Nd5 19. g3 Ba6 20. f5 Bxd3 21. Qxd3 exf5 22. Nd7 g6 23. Nxf8 Kxf8 24. Bc3 Ra3 25. Qd2 f4 26. gxf4 Nxc3 27. Rxc3 Bb4 28. Rfc1 Rxc3 29. Rxc3 Qxc6 30. Rxc6 Bxd2 31. Kf2 Bxf4 32. h3 Ke7 33. Rxb6 h6 34. Kf3 Bc7 35. Ra6 Kd7 36. Ke4 Bb8 37. Kd5 h5 38. Kc5 g5 39. Rh6 h4 40. d5 Ba7+ 41. Kc4 Bb8 42. Kd3 Ke7 43. Ke4 Bf4 44. Ra6 f6 45. Re6+ Kf7 46. Kf5 Be5 47. d6 g4 48. d7 Bc7 49. hxg4 h3 50. Rxf6+ Ke7 51. Rh6 h2 52. Rh7+ Kd6 53. Rxh2 Kxd7 54. Rh7+ 1-0

[Event "Erbendorf op"]
[Site "Erbendorf"]
[Date "2009.06.13"]
[Round "6"]
[White "Stingl, Rene"]
[Black "Werner, Holger"]
[Result "1/2-1/2"]
[WhiteElo "1773"]
[BlackElo "1940"]
[PlyCount "55"]
[EventDate "2009.06.11"]
[EventType "swiss"]
[EventRounds "7"]
[EventCountry "GER"]
[SourceTitle "CBM 130 Extra"]
[Source "ChessBase"]
[SourceDate "2009.07.02"]
[SourceVersion "2"]
[SourceVersionDate "2009.07.15"]
[SourceQuality "1"]

1. e4 c5 2. f4 Nc6 3. Nf3 Nf6 4. Nc3 d6 5. Bc4 e6 6. d3 a6 7. a4 Qc7 8. 0-0 Bd7 9. Re1 Na5 10. Ba2 Bc6 11. e5 Nd7 12. exd6 Bxd6 13. Ne5 Nxe5 14. fxe5 Bxe5 15. Qh5 Bd4+ 16. Kh1 0-0-0 17. Rb1 g6 18. Qg5 h6 19. Qg4 h5 20. Qg5 h4 21. h3 Rh5 22. Qg4 Bd7 23. b4 e5 24. Qe2 cxb4 25. Nd5 Qb8 26. Ne7+ Kc7 27. Nd5+ Kc8 28. Ne7+ 1/2-1/2

[Event "Landesliga Nord 0809"]
[Site "Bayern"]
[Date "2009.01.18"]
[Round "5.8"]
[White "Werner, Holger"]
[Black "Ter Akopyan, Bagrat"]
[Result "0-1"]
[WhiteElo "1824"]
[BlackElo "1936"]
[PlyCount "88"]
[EventDate "2008.10.05"]
[EventType "team-tourn"]
[EventRounds "9"]
[EventCountry "GER"]
[SourceTitle "EXT 2020"]
[Source "ChessBase"]
[SourceDate "2019.10.17"]
[SourceVersion "1"]
[SourceVersionDate "2019.10.17"]
[SourceQuality "1"]
[WhiteTeam "Neutraubling"]
[BlackTeam "Puschendorf"]
[WhiteTeamCountry "GER"]
[BlackTeamCountry "GER"]

1. e4 c5 2. Nc3 Nc6 3. g3 g6 4. Bg2 Bg7 5. d3 b6 6. Be3 e6 7. Qd2 Bb7 8. Nf3 d6 9. d4 Nf6 10. d5 exd5 11. exd5 Ne7 12. 0-0-0 0-0 13. Bg5 b5 14. Nh4 Qa5 15. Qf4 b4 16. Bxf6 bxc3 17. Bxg7 Kxg7 18. Qc4 cxb2+ 19. Kxb2 Kg8 20. Qc3 Qxc3+ 21. Kxc3 g5 22. Rhe1 Rfe8 23. Nf3 h6 24. Nd2 Nxd5+ 25. Bxd5 Bxd5 26. Nc4 Rxe1 27. Rxe1 Bxc4 28. Kxc4 Rb8 29. Re7 Rb4+ 30. Kc3 a5 31. Ra7 a4 32. Kd3 Kg7 33. f3 Kf6 34. c3 Rb2 35. Rxa4 Rxh2 36. Ra8 Rh3 37. a4 Rxg3 38. Ke4 Ke6 39. c4 f5+ 40. Ke3 g4 41. a5 Rxf3+ 42. Ke2 Ra3 43. a6 Ke5 44. a7 Kf4 0-1

[Event "Oberpfalz-ch M2"]
[Site "Kareth Lappersdorf"]
[Date "2008.03.16"]
[Round "3"]
[White "Gschwendner, Anton"]
[Black "Werner, Holger"]
[Result "0-1"]
[WhiteElo "1647"]
[BlackElo "1866"]
[PlyCount "60"]
[EventDate "2008.03.15"]
[EventType "swiss"]
[EventRounds "8"]
[EventCountry "GER"]
[SourceTitle "EXT 2022"]
[Source "ChessBase"]
[SourceDate "2021.10.06"]
[SourceVersion "1"]
[SourceVersionDate "2021.10.06"]
[SourceQuality "1"]

1. e4 Nf6 2. e5 Nd5 3. d4 d6 4. exd6 cxd6 5. c4 Nb6 6. Nc3 g6 7. Nf3 Bg7 8. Be2 0-0 9. 0-0 Nc6 10. a3 Bg4 11. Be3 Bxf3 12. gxf3 d5 13. c5 Nc4 14. b4 e5 15. Bxc4 exd4 16. Nxd5 dxe3 17. fxe3 Qg5+ 18. Kh1 Rad8 19. e4 Bxa1 20. Qxa1 Qe5 21. Qe1 Qd4 22. Qe2 Ne5 23. Bb3 Nd3 24. Rd1 Nf2+ 25. Kg2 Nxd1 26. Bxd1 Rfe8 27. Ba4 Rxd5 28. Bxe8 Rg5+ 29. Kh3 Qe5 30. Bd7 Rh5+ 0-1

[Event "Oberpfalz-ch M2"]
[Site "Windischeschenbach"]
[Date "2007.04.02"]
[Round "5"]
[White "Werner, Holger"]
[Black "Miethaner, Ulrich"]
[Result "1-0"]
[WhiteElo "1938"]
[BlackElo "1737"]
[PlyCount "47"]
[EventDate "2007.03.31"]
[EventType "swiss"]
[EventRounds "8"]
[EventCountry "GER"]
[SourceTitle "EXT 2022"]
[Source "ChessBase"]
[SourceDate "2021.10.06"]
[SourceVersion "1"]
[SourceVersionDate "2021.10.06"]
[SourceQuality "1"]

1. e4 d5 2. exd5 Qxd5 3. Nc3 Qa5 4. d4 Nf6 5. Bd2 c6 6. Bc4 Qb6 7. Qe2 Qxd4 8. 0-0-0 e6 9. Nf3 Qb6 10. g4 Na6 11. g5 Nd5 12. Bxd5 cxd5 13. Nxd5 Qc6 14. Bc3 Qa4 15. Rd4 Qc6 16. Rhd1 Bd7 17. Ne5 Qb5 18. Nxd7 Qxe2 19. N7f6+ Kd8 20. Nf4+ Kc8 21. Nxe2 gxf6 22. Rd8+ Kc7 23. Rxa8 Nc5 24. Bxf6 1-0

[Event "Oberpfalz-ch M2"]
[Site "Windischeschenbach"]
[Date "2007.03.31"]
[Round "1"]
[White "Werner, Holger"]
[Black "Braun, Dieter"]
[Result "1-0"]
[WhiteElo "1938"]
[BlackElo "1664"]
[PlyCount "85"]
[EventDate "2007.03.31"]
[EventType "swiss"]
[EventRounds "8"]
[EventCountry "GER"]
[SourceTitle "EXT 2022"]
[Source "ChessBase"]
[SourceDate "2021.10.06"]
[SourceVersion "1"]
[SourceVersionDate "2021.10.06"]
[SourceQuality "1"]

1. e4 d6 2. d4 Nf6 3. Bd3 g6 4. f4 Bg7 5. Nf3 c5 6. c3 Bg4 7. Be3 cxd4 8. cxd4 Qb6 9. Qd2 Na6 10. Nc3 0-0 11. e5 Nd7 12. 0-0 Nb4 13. Be4 Bf5 14. Bxf5 gxf5 15. a3 Na6 16. Qd3 e6 17. g4 dxe5 18. dxe5 Nac5 19. Qb1 Qa6 20. gxf5 Qd3 21. Qxd3 Nxd3 22. Rad1 N7xe5 23. fxe5 Nxe5 24. Nxe5 Bxe5 25. Rd7 b6 26. fxe6 fxe6 27. Rxf8+ Rxf8 28. Rxa7 b5 29. Nxb5 Bxb2 30. a4 Rf3 31. Bd4 Bxd4+ 32. Nxd4 Re3 33. a5 Re4 34. Nf3 e5 35. Re7 Rg4+ 36. Kf2 e4 37. Nd2 Rg5 38. a6 Ra5 39. a7 Ra2 40. Ke3 h6 41. Kxe4 Kf8 42. Rb7 Ke8 43. Rb8+ 1-0

[Event "Oberpfalz-ch M2"]
[Site "Regensburg"]
[Date "2006.04.11"]
[Round "7"]
[White "Volk, Nikolaj"]
[Black "Werner, Holger"]
[Result "1/2-1/2"]
[WhiteElo "1710"]
[BlackElo "1842"]
[PlyCount "59"]
[EventDate "2006.04.08"]
[EventType "swiss"]
[EventRounds "8"]
[EventCountry "GER"]
[SourceTitle "EXT 2022"]
[Source "ChessBase"]
[SourceDate "2021.10.06"]
[SourceVersion "1"]
[SourceVersionDate "2021.10.06"]
[SourceQuality "1"]

1. e4 c5 2. Nf3 Nc6 3. d4 cxd4 4. Nxd4 Nf6 5. Nc3 e5 6. Nf5 d5 7. exd5 Bxf5 8. dxc6 bxc6 9. Qf3 Qd7 10. Bd3 Bg4 11. Qe3 Bd6 12. 0-0 0-0 13. Qg5 Rfe8 14. f3 Bh5 15. Ne4 Nxe4 16. Qxh5 Nf6 17. Qh4 Be7 18. Bd2 Qd4+ 19. Qxd4 exd4 20. g4 Rab8 21. h3 h6 22. Kf2 Nd5 23. Be4 Rbd8 24. Ba5 Rd7 25. Rfd1 g6 26. Rd2 Bg5 27. Re2 Rde7 28. Bd2 Nf4 29. Bxf4 Bxf4 30. Rae1 1/2-1/2

[Event "Oberpfalz-ch M2"]
[Site "Schwarzenfeld"]
[Date "2005.??.??"]
[Round "6"]
[White "Albrecht, Stephan"]
[Black "Werner, Holger"]
[Result "1/2-1/2"]
[WhiteElo "1803"]
[BlackElo "1880"]
[PlyCount "33"]
[EventDate "2005.03.19"]
[EventType "swiss"]
[EventRounds "8"]
[EventCountry "GER"]
[SourceTitle "EXT 2022"]
[Source "ChessBase"]
[SourceDate "2021.10.06"]
[SourceVersion "1"]
[SourceVersionDate "2021.10.06"]
[SourceQuality "1"]

1. d4 f5 2. c4 Nf6 3. Nc3 g6 4. g3 Bg7 5. Bg2 0-0 6. Nh3 d6 7. d5 Qe8 8. Nf4 e5 9. dxe6 Na6 10. 0-0 g5 11. Nfd5 c6 12. e7 Rf7 13. Nxf6+ Bxf6 14. Qxd6 Bxe7 15. Qe5 Qf8 16. Rd1 Bf6 17. Qd6 1/2-1/2

[Event "Oberpfalz-ch M2"]
[Site "Schwarzenfeld"]
[Date "2005.??.??"]
[Round "3"]
[White "Werner, Holger"]
[Black "Hladik, Martin"]
[Result "1-0"]
[WhiteElo "1880"]
[BlackElo "1686"]
[PlyCount "53"]
[EventDate "2005.03.19"]
[EventType "swiss"]
[EventRounds "8"]
[EventCountry "GER"]
[SourceTitle "EXT 2022"]
[Source "ChessBase"]
[SourceDate "2021.10.06"]
[SourceVersion "1"]
[SourceVersionDate "2021.10.06"]
[SourceQuality "1"]

1. e4 e6 2. d3 d5 3. Nd2 Nf6 4. Ngf3 c5 5. g3 Nc6 6. Bg2 Bd6 7. 0-0 d4 8. Nc4 e5 9. a4 Bg4 10. c3 Na5 11. Nxd6+ Qxd6 12. b4 Nc6 13. bxc5 Qc7 14. Bb2 Rd8 15. Qc2 Bxf3 16. Bxf3 dxc3 17. Bxc3 Nd4 18. Bxd4 Rxd4 19. a5 Kd7 20. Qb3 Ke7 21. Rfc1 Qc6 22. Rab1 Rb8 23. Bd1 Qa6 24. c6 Rxd3 25. Qb4+ Rd6 26. cxb7 Kd8 27. Be2 1-0